| 000 | 00661nam a2200217Ia 4500 | ||
|---|---|---|---|
| 005 | 20250508162110.0 | ||
| 008 | 008 250505s9999 xx 000 0 eng d | ||
| 037 | _aTextual | ||
| 040 |
_aFEDL _beng _cFEDL |
||
| 041 |
_aeng _2eng |
||
| 084 |
_a371.2, BRO _qFEDL |
||
| 100 | _aBrown James W | ||
| 245 | 0 | _aAdministering educational media : Instructional technology and library services | |
| 250 | _a2 | ||
| 260 |
_aNew York, USA _bMcGraw-Hill Book Company _c1972 |
||
| 300 | _axi,449p | ||
| 650 | _aSchool Administration | ||
| 700 |
_a Norberg Kenneth D Srygley Sara K _9772289 |
||
| 942 |
_cTEXL _h371.2, BRO |
||
| 999 |
_c1374368 _d1374368 |
||